[Event "Almansa 2013 - Torneo B"]
[Site "Almansa ESP"]
[Date "2013.08.09"]
[Round "6.4"]
[White "Cebrian Flores, Juan Antonio"]
[Black "Navarro Palma, Javier"]
[Result "0-1"]
[WhiteElo "1988"]
[BlackElo "1871"]
[PlyCount "112"]
[EventDate "2013.08.06"]
[EventType "swiss"]
[EventRounds "9"]
[EventCountry "ESP"]
[Source "lmi"]
[SourceDate "2013.08.06"]

1. d4 Nf6 2. Nf3 g6 3. c4 Bg7 4. Nc3 d5 5. Bf4 c6 6. h3 Qb6 7. Qc1 Bf5 8. e3
O-O 9. Be2 Nbd7 10. O-O Rfe8 11. g4 Be6 12. c5 Qd8 13. Qc2 Ne4 14. Rab1 f5 15.
Nxe4 dxe4 16. Bc4 Bd5 17. Ne5 Nxe5 18. dxe5 e6 19. g5 Qc7 20. Bxd5 exd5 21. e6
Be5 22. Bxe5 Qxe5 23. Qc3 Rxe6 24. a4 f4 25. Qxe5 Rxe5 26. h4 Rf8 27. Kg2 Ref5
28. Rbe1 fxe3 29. Rxe3 Rf3 30. Re2 R8f4 31. Rh1 Rg4+ 32. Kf1 Rff4 33. b4 e3 34.
Rxe3 Rxb4 35. Ke2 Rxa4 36. Rb1 Rab4 37. Ra1 a6 38. Raa3 Rge4 39. Rxe4 Rxe4+ 40.
Kd2 Rd4+ 41. Ke3 Rb4 42. f4 Kf7 43. Kf3 Rb5 44. Kg4 Rxc5 45. h5 d4 46. hxg6+
hxg6 47. Rh3 Kg7 48. Rb3 Rb5 49. Rd3 c5 50. Kf3 Rb6 51. Ke4 Rd6 52. Ke5 Rd8 53.
f5 gxf5 54. Kxf5 c4 55. Rh3 d3 56. Rh4 d2 0-1

[Event "Almansa 2013 - Torneo B"]
[Site "Almansa ESP"]
[Date "2013.08.09"]
[Round "7.1"]
[White "Fernandez Cano, Victor"]
[Black "Ceron Carrion, Cesar"]
[Result "1-0"]
[WhiteElo "1904"]
[BlackElo "1907"]
[PlyCount "67"]
[EventDate "2013.08.06"]
[EventType "swiss"]
[EventRounds "9"]
[EventCountry "ESP"]
[Source "lmi"]
[SourceDate "2013.08.06"]

1. d4 Nf6 2. Nf3 c5 3. e3 cxd4 4. exd4 d5 5. Bd3 Bg4 6. O-O e6 7. c3 Bd6 8. Bg5
Qb6 9. b3 Nbd7 10. Nbd2 Ba3 11. Rb1 Rc8 12. c4 Bb4 13. Be3 Qa5 14. Qc2 O-O 15.
a4 Rfd8 16. Qa2 Bh5 17. h3 Bg6 18. Bxg6 hxg6 19. Rfc1 Qa6 20. Ne1 Nb8 21. Nd3
Nc6 22. Nxb4 Nxb4 23. Qa3 Qa5 24. Nf3 Ne4 25. Ne5 f6 26. Nxg6 Nd3 27. b4 Nxb4
28. Rxb4 Kh7 29. Nf4 Rc6 30. Rxb7 dxc4 31. Qe7 Rg8 32. Qf7 Nd6 33. Qg6+ Kh8 34.
Rb5 1-0

[Event "Almansa 2013 - Torneo B"]
[Site "Almansa ESP"]
[Date "2013.08.09"]
[Round "7.2"]
[White "Boj Marques, Javier"]
[Black "Garcia Lopez, Juan Antonio"]
[Result "1/2-1/2"]
[WhiteElo "1958"]
[BlackElo "1974"]
[PlyCount "36"]
[EventDate "2013.08.06"]
[EventType "swiss"]
[EventRounds "9"]
[EventCountry "ESP"]
[Source "lmi"]
[SourceDate "2013.08.06"]

1. e4 d5 2. exd5 Qxd5 3. Nc3 Qd8 4. d4 Nf6 5. Nf3 Bf5 6. Bc4 e6 7. Qe2 c6 8.
Bb3 Be7 9. h3 O-O 10. Bd2 Nbd7 11. g4 Bg6 12. O-O-O Nb6 13. Rhe1 Re8 14. Kb1 a5
15. a3 a4 16. Ba2 Nbd5 17. Nxd5 cxd5 18. Ne5 Qc7 1/2-1/2

[Event "Almansa 2013 - Torneo B"]
[Site "Almansa ESP"]
[Date "2013.08.09"]
[Round "7.3"]
[White "Bernabeu Lopez, Carlos Javier"]
[Black "Navarro Palma, Javier"]
[Result "0-1"]
[WhiteElo "1973"]
[BlackElo "1871"]
[PlyCount "88"]
[EventDate "2013.08.06"]
[EventType "swiss"]
[EventRounds "9"]
[EventCountry "ESP"]
[Source "lmi"]
[SourceDate "2013.08.06"]

1. e4 d6 2. d4 Nf6 3. Nc3 g6 4. f4 Bg7 5. Nf3 O-O 6. Bd3 Nc6 7. O-O e5 8. fxe5
dxe5 9. d5 Nd4 10. Bg5 h6 11. Bxf6 Bxf6 12. Nxd4 exd4 13. Ne2 Bg5 14. Nf4 Qd6
15. Qf3 Bd7 16. Rae1 Qe5 17. Kh1 h5 18. h3 Rae8 19. Bc4 Kg7 20. Nd3 Qe7 21. Qe2
Be3 22. Nf2 Qh4 23. Qf3 Bg4 24. Nxg4 hxg4 25. Qe2 Qg3 26. d6 gxh3 27. gxh3
Qxh3+ 28. Qh2 Qxh2+ 29. Kxh2 cxd6 30. Bd5 Re5 31. Kg2 b6 32. Rf3 f5 33. Ref1 f4
34. Rh1 Rc8 35. Bb3 Rg5+ 36. Kf1 Rh8 37. Rxh8 Kxh8 38. a4 Rg1+ 39. Ke2 g5 40.
Rh3+ Kg7 41. Rh5 g4 42. Rg5+ Kh6 43. Rf5 f3+ 44. Kd3 f2 0-1

[Event "Almansa 2013 - Torneo B"]
[Site "Almansa ESP"]
[Date "2013.08.09"]
[Round "7.4"]
[White "Talavera Garcia, Santiago"]
[Black "Moreno Brocalero, Edgar"]
[Result "1-0"]
[WhiteElo "1997"]
[BlackElo "1827"]
[PlyCount "83"]
[EventDate "2013.08.06"]
[EventType "swiss"]
[EventRounds "9"]
[EventCountry "ESP"]
[Source "lmi"]
[SourceDate "2013.08.06"]

1. Nf3 Nf6 2. g3 g6 3. Bg2 Bg7 4. d4 d5 5. c4 e6 6. O-O O-O 7. Nc3 b6 8. cxd5
exd5 9. Bg5 h6 10. Bf4 c6 11. Bxb8 Rxb8 12. Ne5 Bb7 13. Qa4 Qc7 14. Rac1 Rfd8
15. Qb3 Qe7 16. Qa4 Qc7 17. b4 a6 18. Nd3 Qe7 19. e3 Nd7 20. Rc2 Bf8 21. Rfc1
Qe6 22. Qb3 Bd6 23. Ne2 Ra8 24. a3 Qe7 25. Rxc6 Bxc6 26. Rxc6 Rac8 27. Bxd5
Rxc6 28. Bxc6 Nf6 29. Qa4 a5 30. Qb5 axb4 31. axb4 Qa7 32. Qc4 Qe7 33. b5 h5
34. Nef4 Kg7 35. Nd5 Qe6 36. Nxb6 Qf5 37. Qc3 h4 38. Nc4 hxg3 39. hxg3 Rh8 40.
Nxd6 Qh3 41. Bg2 Qh2+ 42. Kf1 1-0

[Event "Almansa 2013 - Torneo B"]
[Site "Almansa ESP"]
[Date "2013.08.10"]
[Round "8.1"]
[White "Navarro Palma, Javier"]
[Black "Fernandez Cano, Victor"]
[Result "0-1"]
[WhiteElo "1871"]
[BlackElo "1904"]
[PlyCount "90"]
[EventDate "2013.08.06"]
[EventType "swiss"]
[EventRounds "9"]
[EventCountry "ESP"]
[Source "lmi"]
[SourceDate "2013.08.06"]

1. e4 c5 2. Nf3 Nc6 3. d4 cxd4 4. Nxd4 Nf6 5. Nc3 g6 6. f3 Bg7 7. Be3 O-O 8.
Qd2 d6 9. O-O-O Bd7 10. g4 Rc8 11. Kb1 Ne5 12. h4 h5 13. gxh5 Nxh5 14. Bh6 Nc4
15. Bxc4 Rxc4 16. Bxg7 Kxg7 17. Rhg1 Rh8 18. f4 Nf6 19. e5 Ne8 20. e6 Bxe6 21.
Nxe6+ fxe6 22. Qd3 Rxf4 23. Qxg6+ Kf8 24. Ne4 Rf6 25. Nxf6 exf6 26. h5 Qe7 27.
Rdf1 Qf7 28. Qxf7+ Kxf7 29. Rh1 Rh6 30. Rf3 f5 31. Rb3 b6 32. Ra3 Kf6 33. Rxa7
f4 34. Rb7 e5 35. Rxb6 e4 36. Kc1 Ke5 37. Kd1 Nf6 38. a4 f3 39. Rh4 Rxh5 40.
Rxh5+ Nxh5 41. Rb5+ d5 42. Ke1 e3 43. c4 Ng3 44. Rxd5+ Ke4 45. Kd1 f2 0-1

[Event "Almansa 2013 - Torneo B"]
[Site "Almansa ESP"]
[Date "2013.08.10"]
[Round "8.2"]
[White "Garcia Lopez, Juan Antonio"]
[Black "Talavera Garcia, Santiago"]
[Result "0-1"]
[WhiteElo "1974"]
[BlackElo "1997"]
[PlyCount "50"]
[EventDate "2013.08.06"]
[EventType "swiss"]
[EventRounds "9"]
[EventCountry "ESP"]
[Source "lmi"]
[SourceDate "2013.08.06"]

1. c4 e6 2. Nc3 d5 3. cxd5 exd5 4. d4 c6 5. Nf3 Bd6 6. e3 f5 7. Bd3 Nh6 8. a3
O-O 9. Qc2 Nd7 10. Bd2 Nf6 11. b4 a6 12. Qb3 Qe7 13. O-O Ne4 14. Ne2 g5 15.
Bxe4 fxe4 16. Ne5 Ng4 17. f4 exf3 18. Nxf3 Bf5 19. Ng3 Bxg3 20. hxg3 Be4 21.
Rae1 Qd6 22. Re2 Rf7 23. a4 Raf8 24. b5 Qxg3 25. Be1 Rxf3 0-1

[Event "Almansa 2013 - Torneo B"]
[Site "Almansa ESP"]
[Date "2013.08.10"]
[Round "8.3"]
[White "Ceron Carrion, Cesar"]
[Black "Saborit Ripolles, Manuel"]
[Result "1/2-1/2"]
[WhiteElo "1907"]
[BlackElo "1980"]
[PlyCount "46"]
[EventDate "2013.08.06"]
[EventType "swiss"]
[EventRounds "9"]
[EventCountry "ESP"]
[Source "lmi"]
[SourceDate "2013.08.06"]

1. e4 e5 2. Nf3 Nc6 3. d4 exd4 4. Bc4 Nf6 5. e5 d5 6. Bb5 Ne4 7. Nxd4 Bd7 8.
Bxc6 bxc6 9. O-O Be7 10. f3 Nc5 11. c4 Ne6 12. Nb3 Bc8 13. Na5 Qd7 14. f4 Bb4
15. Qa4 c5 16. Nc6 dxc4 17. a3 Bb7 18. axb4 Bxc6 19. Qc2 cxb4 20. Qxc4 Bb5 21.
Qe4 O-O 22. Re1 c5 23. Be3 Bd3 1/2-1/2

[Event "Almansa 2013 - Torneo B"]
[Site "Almansa ESP"]
[Date "2013.08.10"]
[Round "8.4"]
[White "Cuevas Urosa, Miguel"]
[Black "Boj Marques, Javier"]
[Result "1/2-1/2"]
[WhiteElo "1878"]
[BlackElo "1958"]
[PlyCount "39"]
[EventDate "2013.08.06"]
[EventType "swiss"]
[EventRounds "9"]
[EventCountry "ESP"]
[Source "lmi"]
[SourceDate "2013.08.06"]

1. e4 c5 2. Nf3 d6 3. d4 cxd4 4. Nxd4 Nf6 5. Nc3 a6 6. Be3 e5 7. Nb3 Be6 8. f3
Nbd7 9. Qd2 b5 10. a4 b4 11. Nd5 Bxd5 12. exd5 Nb6 13. Bxb6 Qxb6 14. a5 Qb7 15.
Bc4 Be7 16. Ra4 Rb8 17. Qd3 Ra8 18. Qd2 Rb8 19. Qd3 Ra8 20. Qd2 1/2-1/2

[Event "Almansa 2013 - Torneo B"]
[Site "Almansa ESP"]
[Date "2013.08.11"]
[Round "9.1"]
[White "Fernandez Cano, Victor"]
[Black "Talavera Garcia, Santiago"]
[Result "1/2-1/2"]
[WhiteElo "1904"]
[BlackElo "1997"]
[PlyCount "34"]
[EventDate "2013.08.06"]
[EventType "swiss"]
[EventRounds "9"]
[EventCountry "ESP"]
[Source "lmi"]
[SourceDate "2013.08.06"]

1. d4 d5 2. Nf3 e6 3. Bf4 c6 4. e3 f5 5. c4 Bd6 6. Bxd6 Qxd6 7. Nbd2 Nd7 8. Bd3
Nh6 9. Qc2 O-O 10. h3 e5 11. dxe5 Nxe5 12. Nxe5 Qxe5 13. cxd5 cxd5 14. Nf3 Qf6
15. O-O Be6 16. Nd4 g6 17. Qb3 Rf7 1/2-1/2

[Event "Almansa 2013 - Torneo B"]
[Site "Almansa ESP"]
[Date "2013.08.11"]
[Round "9.2"]
[White "Alvarez Serrano, Carlos"]
[Black "Jimenez Almeida, Luis David"]
[Result "1/2-1/2"]
[WhiteElo "1894"]
[BlackElo "1998"]
[PlyCount "48"]
[EventDate "2013.08.06"]
[EventType "swiss"]
[EventRounds "9"]
[EventCountry "ESP"]
[Source "lmi"]
[SourceDate "2013.08.06"]

1. e4 g6 2. g3 Bg7 3. Bg2 c5 4. Ne2 Nc6 5. c4 e6 6. Nbc3 Nge7 7. d3 O-O 8. O-O
d6 9. Be3 Nd4 10. Qd2 Re8 11. Bh6 Bh8 12. Nxd4 cxd4 13. Ne2 a5 14. f4 f5 15.
Bg5 Qb6 16. Bxe7 Rxe7 17. b3 fxe4 18. Bxe4 Bd7 19. a3 Bc6 20. Bxc6 bxc6 21. b4
a4 22. g4 Rf8 23. Ng3 d5 24. c5 Qc7 1/2-1/2

[Event "Almansa 2013 - Torneo B"]
[Site "Almansa ESP"]
[Date "2013.08.11"]
[Round "9.3"]
[White "Saborit Ripolles, Manuel"]
[Black "Castellanos Gomez, Alejandro"]
[Result "1/2-1/2"]
[WhiteElo "1980"]
[BlackElo "1769"]
[PlyCount "58"]
[EventDate "2013.08.06"]
[EventType "swiss"]
[EventRounds "9"]
[EventCountry "ESP"]
[Source "lmi"]
[SourceDate "2013.08.06"]

1. e4 e6 2. d4 d5 3. Nc3 Nf6 4. Bg5 Be7 5. e5 Nfd7 6. Bxe7 Qxe7 7. Qd2 a6 8. f4
c5 9. Nf3 Nc6 10. O-O-O b5 11. Kb1 c4 12. Ne2 Rb8 13. c3 a5 14. g3 b4 15. Ka1
Nb6 16. Bg2 Na7 17. Qc2 Bd7 18. Nd2 Nb5 19. Nb1 Na7 20. Qc1 Na4 21. Rd2 Nc6 22.
Rf1 bxc3 23. Nexc3 Nb4 24. Nxa4 Bxa4 25. Nc3 Bc6 26. Rg1 Nd3 27. Qb1 O-O 28.
Bf1 Nb4 29. Qc1 Rb7 1/2-1/2

[Event "Almansa 2013 - Torneo B"]
[Site "Almansa ESP"]
[Date "2013.08.11"]
[Round "9.4"]
[White "Bernabeu Lopez, Carlos Javier"]
[Black "Cuevas Urosa, Miguel"]
[Result "0-1"]
[WhiteElo "1973"]
[BlackElo "1878"]
[PlyCount "76"]
[EventDate "2013.08.06"]
[EventType "swiss"]
[EventRounds "9"]
[EventCountry "ESP"]
[Source "lmi"]
[SourceDate "2013.08.06"]

1. e4 e6 2. d4 d5 3. Nd2 Nf6 4. e5 Nfd7 5. c3 c5 6. Bd3 Nc6 7. Ngf3 Be7 8. O-O
a5 9. Re1 cxd4 10. cxd4 g5 11. g4 h5 12. h3 hxg4 13. hxg4 Qb6 14. Qa4 Nf8 15.
Bb5 Bd7 16. Bxc6 Bxc6 17. Qb3 Qa7 18. Nf1 Ng6 19. Be3 Nf4 20. Ng3 O-O-O 21.
Bxf4 gxf4 22. Ne2 Rdg8 23. Nh2 Rh4 24. Kg2 f5 25. f3 fxg4 26. Nxg4 a4 27. Qc2
a3 28. b3 Kb8 29. Rh1 Bb5 30. Rxh4 Bxh4 31. Nc3 Rc8 32. Qd2 Qa5 33. Rc1 Be7 34.
Nf2 Rg8+ 35. Kh1 Bb4 36. Nd3 Bxd3 37. Qxd3 Qd8 38. Qe2 Bxc3 0-1